Ville Pokémon - Hoenn - Statistiques

Statistiques générales
  • Ce quiz a été pris 25 fois
  • Le résultat moyen est 11 sur 22
Statistiques - réponses
Réponse % Correct
Bourg-en-vol
88%
Lavandia
88%
Clémenti-ville
82%
Myokara
82%
Algatia
76%
Mérouville
76%
Poivressel
76%
Atalanopolis
71%
Cimetronelle
71%
Vergazon
71%
Eternara
59%
Nénucrique
59%
Vermilava
59%
Autéquia
47%
Rosyères
47%
Cameran
0%
Epicéa
0%
Larousse City
0%
Pacafiville
0%
Riyadoville
0%
Rubello
0%
Vallée de l'acier
0%
Aucun quiz correspondant
Distribution des résultats
% des personnes avec chaque résultat
Percentile par nombre de réponses
Votre historique - résultats
Vous n’avez pas pris ce quiz